000 00855nam a22002175i 4500
001 155200
003 ES-MaACL
005 20250805064138.0
008 040727s1856 fr |||| | fre d
040 _aCAM
_bspa
_cCAM
100 1 _aHeine, Heinrich.
_962371
245 1 0 _aReisebilder
_b: tableaux de voyage /
_cpar Henri Heine; précédé d'une étude sur H. Heine par Théophile Gautier.
250 _aNouvelle éd. rev., cons. augm. et orn. d'un portrait de l'auteur.
260 _aParis :
_bMichel Lévy Frères,
_c1856 (
_fImprimerie de J. Claye)
300 _a2 v. (382; 375 p. ;
_c18 cm.
490 1 _aOeuvres complètes de Henri Heine
700 1 1 _aGautier, Théophile,
_d1811-1872
_epr.
_9170960
830 0 _aOeuvres complètes de Henri Heine
_9187928
852 _aES-MaACL
_jC-679-680
_z-- Enc. hol.
999 _c155200
_d155200